00352 a2200121 450000500170000002000180001708200130003510000150004824500810006326000320014430000390017670000150021520250625094601.0 a0-521-31224-8 a407.1COL aCOLLIE. J. aLiterature in the Language Classroom: A Resource Book of Idea and Activities aNew York,bPress. s,c1987. avi, 266, ill,; figurebIndexc23cm aSLATER. S.